Statistiques concernant Mots de la langue française terminés par "niche"

Cliquez ici pour prendre le quiz!

Statistiques générales

  • Ce quiz a été pris 159 fois
  • Le résultat moyen est 6 sur 9

Statistiques - réponses

IndiceMot% Correct
anagramme de chineniche
98%
servante (familier et péjoratif)bonniche
95%
chiencaniche
95%
partie saillante d'un meuble ou d'un édificecorniche
86%
bateaupéniche
83%
sanglote - 3° personne du présent de l'indicatifpleurniche
78%
trouve - 3° personne du présent de l'indicatifdéniche
62%
auteur de "flic story" prénommé RogerBorniche
26%
saumonouananiche
5%

Distribution des résultats

Percentile par nombre de réponses

% des personnes avec chaque résultat

Votre développement - résultats

Vous n’avez pas pris ce quiz